| 000 | 01062nam a2200265Ia 4500 | ||
|---|---|---|---|
| 003 | OSt | ||
| 005 | 20221005104704.0 | ||
| 006 | a|||||r|||| 00| 0 | ||
| 007 | ta | ||
| 008 | 221004b |||||||| |||| 00| 0 san d | ||
| 020 |
_a9789385539770 (hbk) _cINR 995.00 |
||
| 024 | _a66071 | ||
| 037 |
_b308, 25/02/2020, Vidyanidhi Prakashan _cTextual |
||
| 040 |
_aCRL _cCRL _bsan |
||
| 041 |
_2san _asan |
||
| 082 | _aO15:g, 152R0 | ||
| 100 | _aगयावाल, लाला शंकर, ले. | ||
| 245 | 0 | _aस्वातन्×योत्तर संस्कृत शोध पत्रकारिता | |
| 246 | _aSvātan×yottar sanskṛut shodh patrakāritā | ||
| 260 |
_aदिल्ली _bविद्यानिधि प्रकाशन भारत _c2020 |
||
| 300 |
_a312पृ0 _ccm. |
||
| 650 | _aसंस्कृत साहित्य | ||
| 942 |
_hO15:g, 152R0 _cTEXL _2cc |
||
| 999 |
_c1013509 _d1013509 |
||